[Event "Agosto de Victorias op"]
[Site "Mayabeque"]
[Date "2018.08.08"]
[Round "9"]
[White "Vazquez Flores, Abraham"]
[Black "Diaz Hernandez, Juan Yandy"]
[Result "0-1"]
[WhiteElo "1807"]
[BlackElo "1971"]
[PlyCount "80"]
[EventDate "2018.08.04"]
[EventType "swiss"]
[EventRounds "9"]
[EventCountry "CUB"]
[SourceTitle "EXT 2021"]
[Source "ChessBase"]
[SourceDate "2020.10.23"]
[SourceVersion "1"]
[SourceVersionDate "2020.10.23"]
[SourceQuality "1"]

1. d4 Nf6 2. Nf3 g6 3. Bg5 Ne4 4. Bf4 Bg7 5. e3 0-0 6. Nbd2 Nf6 7. c4 d6 8. Qc2 Nh5 9. Bg3 Nc6 10. d5 Nxg3 11. hxg3 Nb4 12. Qb3 a5 13. Be2 Na6 14. Nd4 Nc5 15. Qc2 e5 16. dxe6 fxe6 17. 0-0 e5 18. N4b3 Ne6 19. Bf3 a4 20. Nc1 Ng5 21. Be2 Qe7 22. e4 Ne6 23. Qc3 Nd4 24. Nf3 Be6 25. Nxd4 exd4 26. Qc2 a3 27. Nd3 axb2 28. Nxb2 Ra3 29. Nd3 Rfa8 30. Rfc1 Bd7 31. Bf3 c5 32. Rcb1 Bc6 33. Qe2 Qf7 34. Rc1 b5 35. cxb5 Bxb5 36. Rd1 Rxa2 37. Rxa2 Rxa2 38. Rd2 Ra1+ 39. Rd1 Ra3 40. Qd2 Rxd3 0-1

[Event "Agosto de Victorias op"]
[Site "Mayabeque"]
[Date "2018.08.07"]
[Round "8"]
[White "Cordero Rodriguez, Raul"]
[Black "Vazquez Flores, Abraham"]
[Result "1-0"]
[WhiteElo "1997"]
[BlackElo "1807"]
[PlyCount "97"]
[EventDate "2018.08.04"]
[EventType "swiss"]
[EventRounds "9"]
[EventCountry "CUB"]
[SourceTitle "EXT 2021"]
[Source "ChessBase"]
[SourceDate "2020.10.23"]
[SourceVersion "1"]
[SourceVersionDate "2020.10.23"]
[SourceQuality "1"]

1. d4 Nf6 2. Nf3 e6 3. c4 b6 4. g3 Bb7 5. Bg2 Be7 6. 0-0 0-0 7. Nc3 c5 8. d5 d6 9. e4 exd5 10. exd5 Nbd7 11. Nh4 Ne5 12. Nf5 h6 13. Re1 Re8 14. f4 Ng6 15. Bd2 Bc8 16. Qc2 Bxf5 17. Qxf5 Qd7 18. Qd3 Nh7 19. Be4 Nhf8 20. Bf5 Qb7 21. Re2 Bf6 22. Rae1 Rxe2 23. Rxe2 a6 24. Ne4 Bd4+ 25. Kg2 Rd8 26. Bc3 Bxc3 27. Nxc3 Ne7 28. Bg4 Neg6 29. b3 Qc7 30. h4 Ne7 31. h5 Nh7 32. Bh3 Nf6 33. Qf3 Nc8 34. g4 Nh7 35. Ne4 Re8 36. g5 hxg5 37. fxg5 Qd8 38. Kh2 Re5 39. g6 Nf6 40. Nxf6+ gxf6 41. Rxe5 dxe5 42. Bxc8 Qxc8 43. Qxf6 fxg6 44. hxg6 Qe8 45. Kg2 e4 46. Kf2 e3+ 47. Ke2 Qd7 48. Kxe3 Qh3+ 49. Ke4 1-0

[Event "Agosto de Victorias op"]
[Site "Mayabeque"]
[Date "2018.08.06"]
[Round "6"]
[White "De la Torre Rodriguez, Elizabeth"]
[Black "Vazquez Flores, Abraham"]
[Result "1-0"]
[WhiteElo "2055"]
[BlackElo "1807"]
[PlyCount "95"]
[EventDate "2018.08.04"]
[EventType "swiss"]
[EventRounds "9"]
[EventCountry "CUB"]
[SourceTitle "EXT 2021"]
[Source "ChessBase"]
[SourceDate "2020.10.23"]
[SourceVersion "1"]
[SourceVersionDate "2020.10.23"]
[SourceQuality "1"]

1. e4 c6 2. d4 d5 3. exd5 cxd5 4. Bd3 Nf6 5. Bf4 g6 6. Nf3 Bg4 7. c3 Bg7 8. h3 Bxf3 9. Qxf3 0-0 10. Nd2 Nc6 11. 0-0 Re8 12. Rfe1 Qb6 13. Nb3 Rad8 14. Re2 e5 15. dxe5 Nd7 16. e6 Rxe6 17. Rxe6 fxe6 18. Qe3 Qxe3 19. Bxe3 Nce5 20. Be2 a6 21. Na5 b5 22. a4 Nc4 23. axb5 axb5 24. Nxc4 bxc4 25. Ra6 Nf8 26. Bg4 Re8 27. Bc5 Kf7 28. Bd1 Bh6 29. Ra7+ Kg8 30. Ba4 Rb8 31. Bd4 Rd8 32. g4 g5 33. h4 Ng6 34. hxg5 Bf8 35. Bf6 Rb8 36. Bd7 Kf7 37. Bc8+ Ne7 38. Bd7 Ng6 39. Ra6 Ne7 40. Bxe6+ Kg6 41. f4 h5 42. f5+ Kh7 43. g6+ Nxg6 44. fxg6+ Kxg6 45. Bf5+ Kf7 46. g5 Bc5+ 47. Kf1 Rxb2 48. g6+ 1-0